Páginas rosminianas /

Bibliographic Details
Main Author: Buganza, Jacob, 1982- (Author)
Format: Electronic eBook
Language:Spanish
Published: Bogotá, Colombia : Editorial Aula de Humanidades, 2023.
Edition:Primera edición.
Series:Colección Filosofía clásica (Editorial Aula de Humanidades)
Subjects:
Online Access:Digitalia Hispánica

MARC

LEADER 00000nam a2200000Ii 4500
001 DIGAUHUM0089
003 NyNyDIG
006 m o d
007 cr |||||||||||
008 260205s2023 ck ob 001 0 spa d
035 |a (OCoLC)1573182331 
040 |a DGITA  |b eng  |e rda  |e pn  |c DGITA 
020 |a 9786287625280  |q (versión digital) 
020 |z 9786287625310  |q (versión impresa) 
050 1 4 |a B3647 ebook 
100 1 |a Buganza, Jacob,  |d 1982-  |e author. 
245 1 0 |a Páginas rosminianas /  |c Jacob Buganza. 
250 |a Primera edición. 
264 1 |a Bogotá, Colombia :  |b Editorial Aula de Humanidades,  |c 2023. 
300 |a 1 online resource. 
336 |a text  |b txt  |2 rdacontent 
337 |a computer  |b c  |2 rdamedia 
338 |a online resource  |b cr  |2 rdacarrier 
347 |a text file  |2 rdaft 
347 |b PDF 
490 1 |a Colección: Filosofía Clásica 
504 |a Includes bibliographical references and indexes. 
588 0 |a Online resource; title from PDF title page (Digitalia, viewed February 5, 2026) 
600 1 0 |a Rosmini, Antonio,  |d 1797-1855  |x Criticism and interpretation. 
650 0 |a Knowledge, Theory of. 
791 2 |a Digitalia (Firm),  |e distributor. 
793 0 |g Digitalia eBook Collection:  |a Editorial Aula de Humanidades 
776 0 8 |i Print version:  |a Buganza, Jacob, 1982-  |t Páginas rosminianas.  |b Primera edición.  |d Bogotá, Colombia : Editorial Aula de Humanidades, 2023  |z 9786287625310 
830 0 |a Colección Filosofía clásica (Editorial Aula de Humanidades) 
856 4 0 |3 Digitalia Hispánica  |u https://www.digitaliapublishing.com/a/180808/ 
910 |a Premium collection: 2026